Statistics for Greek Mythology Races

Click here to take the quiz!

General Stats

  • This quiz has been taken 93 times
  • The average score is 6 of 8

Answer Stats

HintAnswer% Correct
AphroditeGod
99%
MedusaGorgon
92%
PrometheusTitan
91%
HerculesDemigod
88%
PolyphemusCyclops
73%
ChaironCentaur
69%
SilenusSatyr
33%
CharybdisWhirlpool
8%

Score Distribution

Percentile by Number Answered

Percent of People with Each Score

Your Score History

You have not taken this quiz